| 000 | 00512nam a2200217 a 4500 | ||
|---|---|---|---|
| 999 |
_c4412 _d4412 |
||
| 001 | 4412 | ||
| 003 | BD-JhCC | ||
| 005 | 20171129101754.0 | ||
| 008 | 171127s1965 ||||| |||| 00| 0 eng d | ||
| 035 | _a(BD-JhCC) | ||
| 040 |
_aBD-JhCC _dBD-JhCC |
||
| 041 | _aeng | ||
| 082 |
_a822.33 _bBOL 1965 |
||
| 100 | _aBolt, Robert | ||
| 245 |
_aGentle Jack / _cRobert Bolt |
||
| 260 |
_aLondon : _bHeinemann, _c1965 |
||
| 300 |
_a110 p. : _c20cm. |
||
| 650 | _aEnglish Drama | ||
| 942 |
_2ddc _cBK |
||